Normal view
MARC view
Entry Topical Term
001 - CONTROL NUMBER
- control field: 52421
003 - CONTROL NUMBER IDENTIFIER
- control field: AUA.1
005 - DATE AND TIME OF LATEST TRANSACTION
- control field: 20160118094915.0
008 - FIXED-LENGTH DATA ELEMENTS
- fixed length control field: 160118|||a|||||| | ||| d
040 ## - CATALOGING SOURCE
- Original cataloging agency: AUA.1
- Transcribing agency: AUA.1
150 ## - HEADING--TOPICAL TERM
- Topical term or geographic name as entry element: Religion
- Form subdivision: Christianity
- General subdivision: General
670 ## - SOURCE DATA FOUND
- Source citation: Work cat.: (AUA.1)12242: Ward, Keith, 1938- 43603, Christianity :, c2000.